000 00369 a2200157 4500
001 58946
020 _a8526249339
040 _cAnchieta - Pituba
100 _aRota, Paulo Storace
240 1 0 _aGeografia para todos, 8ª série
_lpor
245 1 0 _aGeografia para todos, 8ª série
300 _a216
362 0 _a2004
650 4 _aGeografia e viagens
942 _cBK
999 _c58946
_d58946